| 000 | 00441nam a2200181Ia 4500 | ||
|---|---|---|---|
| 008 | 230524s9999 xx 000 0 und d | ||
| 020 | _a0195676947 | ||
| 082 |
_a658.3 _bJYO |
||
| 100 | _aP Jyothi | ||
| 245 | 0 | _aHuman Resource Management | |
| 250 | _aIST | ||
| 260 |
_aNEW DELHI _bOxford _c2008 |
||
| 300 | _aXXI;560 | ||
| 500 | _aQuantity Number: 7 | ||
| 650 | _aManagement | ||
| 700 | _a" D.N.Venkatesh , T.V.Rao,,," | ||
| 942 | _cBK | ||
| 999 |
_c41424 _d41424 |
||